UK Towns Quiz - Carmarthenshire - Wales - Statistics

General Stats
  • This quiz has been taken 28 times
  • The average score is 23 of 42
Answer Stats
Clue Population Town % Correct
C 16,460 Carmarthen
100%
K 2,763 Kidwelly
100%
L 1,784 Llandeilo
100%
L 42,175 Llanelli
100%
A 8,291 Ammanford
93%
B 4,965 Burry Port
93%
L 1,452 Llandovery
93%
S 1,790 St Clears
93%
C 6,338 Cross Hands
86%
L 710 Laugharne
79%
L 1,182 Llanybydder
71%
N 1,839 Newcastle Emlyn
71%
P 2,093 Pembrey
71%
T 4,044 Tumble
71%
L 2,562 Llandybie
64%
W 1,907 Whitland
64%
B 1,721 Bryn
57%
B 2,633 Brynamman
57%
F 861 Ferryside
57%
H 2,988 Hendy
57%
F 512 Ffairfach
50%
L 4,282 Llangennech
50%
P 1,475 Pontyates
50%
P 1,485 Pontyberem
50%
T 2,196 Trimsaran
50%
A 527 Abergwili
43%
C 1,142 Capel Hendre
43%
G 3,866 Glanaman
43%
P 1,060 Pencader
43%
P 1,308 Pwll
43%
T 2,484 Tycroes
43%
C 1,403 Carway
36%
L 836 Llannon
36%
P 990 Pont Henri
36%
S 909 Saron
36%
G 687 Garnant
29%
F 638 Five Roads
21%
F 693 Foelgastell
21%
C 972 Cwmann
14%
P 791 Pwll-trap
14%
P 1,167 Penybanc
7%
W 720 Waungilwen
7%
No matching quizzes found
Score Distribution
Percent of People with Each Score
Percentile by Number Answered
Your Score History
You have not taken this quiz